International relations /

Enregistré dans:
Détails bibliographiques
Auteur principal: Goldstein, Joshua, 1952-
Format: Livre
Langue:English
Publié: New York : Longman, 1999.
Édition:3rd ed.
Sujets:
Tags: Ajouter un tag
Pas de tags, Soyez le premier à ajouter un tag!
Thư viện lưu trữ: Mạng thư viện Đại học Đà Nẵng
LEADER 00831cam a2200325 i 4500
001 000045120
003 4245
005 20030225152819.0
008 010220|1999 vm 000 eng
020 |a 0321025520 
040 |a IRC  |c IRC  |d IRC 
041 0 |a eng 
082 1 4 |a 327  |b GO-J 
100 1 |a Goldstein, Joshua,  |d 1952- 
245 0 0 |a International relations /  |c Joshus Goldstein. 
250 |a 3rd ed. 
260 |a New York :  |b Longman,  |c 1999. 
300 |a xvi, 672p. :  |b ill., [12] col. plate maps. 
630 0 4 |a International relations. 
650 0 4 |a International relations. 
OWN |a DUT 
999 |a From the UDN01 
TYP |a Monograph 
TYP |a Printed language 
980 |a Mạng thư viện Đại học Đà Nẵng